| 000 | 02656nam a2200397 i 4500 | ||
|---|---|---|---|
| 001 | 000021981 | ||
| 003 | DO-SdBNP | ||
| 005 | 20260323143332.0 | ||
| 007 | ta | ||
| 008 | 100915s1999 dr ac 000 0 spa d | ||
| 040 |
_aDO-SdBNP _bspa _cBNPHU _erda |
||
| 041 | _aspa | ||
| 049 | _aBNPD | ||
| 082 | 4 |
_a972.93053 _bG861t 1999 _222 |
|
| 100 | 1 |
_aGrimaldi, Víctor, _d1949- _eautor _4aut. _91699 |
|
| 245 | 1 | 0 |
_aTumbaron al jefe / _cVíctor Grimaldi ; prólogo, José Chez Checo. |
| 250 | _atercera edición revisada y ampliada | ||
| 264 | 1 |
_aSanto Domingo : _bAmigo del Hogar, _c1999. |
|
| 300 |
_a231 páginas : _bilustraciones, retratos ; _c23 cm. |
||
| 336 |
_atexto _btxt _2rdacontent |
||
| 337 |
_asin mediación _bn _2rdamedia |
||
| 338 |
_avolumen _bnc _2rdacarrier |
||
| 500 | _aIncluye referencias bibliográficas y notas al pie de las páginas | ||
| 500 | _aIncluye datos biográficos del autor en las solapas | ||
| 504 | _aBibliografía : páginas 227-231 | ||
| 505 | 0 | _aPrólogo / José Chez Checo -- A manera de introducción / Tumbaron a Trujillo -- Quisieron perpetuar la iranía en 1959 -- Más mensajes secretos-- El mayor reto a la tiranía -- Otros documentos -- Un millón de dólares para el jefe -- Alianza con el jefe -- Viene el cambio -- Mientras tanto, ¿Qué pasó con Batista? -- Y en 1960 ofrecieron crear un fondo con dólares del jefe para que abandonara el poder por las buenas -- El turno de Trujillo -- Se involucra la CIA -- El Pentágono -- Los hechos de 1960 -- Un fondo para Trujillo -- La OEA, Fidel y Balaguer -- Cuando el Jefe rechazó el US$ fondo de Eisenhower, la CIA se metió en el complot -- La cuota azucarera cubana | |
| 505 | 0 | _aEl 18 de agosto -- Balaguer presidente -- La URSS -- Sube Kennedy -- La CIA en acción -- Dicen que Balaguer lo sabía -- Octubre de 1960 -- 17 de Abril, Bahía de Cochinos -- Playa Girón -- Preocupados por De la Maza -- Temor a Ramfis -- 14 años antes a la eliminación de Trujillo, en 1947 los Estados Unidos abortaron la invasión de Cayo Confites -- Trujillo en 1947 -- Juan Bosch -- Fidel Castro -- dictadores, intervenciones y soberanía mediatizada -- Un estudio de Brookings Institution -- La OEA--Anexos. | |
| 590 | _aInventariado, 2026/BT | ||
| 600 | 1 | 0 |
_aTrujillo Molina, Rafael Leónidas, _d 1891-1961 _976764 |
| 651 | 4 |
_aRepública Dominicana _xPolítica y gobierno _945 |
|
| 651 | 4 |
_aRepública Dominicana _xRelaciones _zEstados Unidos _92530 |
|
| 651 | 4 |
_aEstados Unidos _xRelaciones _zRepública Dominicana _92531 |
|
| 700 | 1 |
_aChez Checo, José, _d1949- _eprologuista _4pr. _910145 |
|
| 910 | _aValidado. Control de calidad MMOLINA | ||
| 942 |
_2ddc _cLBS1 |
||
| 999 |
_c21479 _d21479 |
||